Manual de ergonomía y seguridad (Registro nro. 309597)

Detalles MARC
000 -ENCABEZADO
Número de control [NR] 01097cam a2200313 i 4500
001 - NÚMERO DE CONTROL
control field ocn858460615
003 - IDENTIFICADOR DE CONTROL NÚMERO
control field Co-BoUCM
005 - FECHA Y HORA DE LA ÚLTIMA TRANSACCIÓN
control field 20240816143320.0
007 - CAMPO DESCRIPCIÓN FÍSICA FIJA - INFORMACIÓN GENERAL
fixed length control field ta
008 - DE LONGITUD FIJA DE DATOS DE ELEMENTOS - INFORMACIÓN GENERAL
Elementos de longitud fija [NR] 190412s2018 ck rf 000 0 spa d
020 ## - NUMERO INTERNACIONAL NORMALIZADO PARA LIBROS [R]
Número Internacional Normalizado del libro [NR] 9789587783483 (2a.Ed.)
020 ## - NUMERO INTERNACIONAL NORMALIZADO PARA LIBROS [R]
Número Internacional Normalizado del libro [NR] 9789586828109
040 ## - FUENTE DE CATALOGACION [NR]
Agencia de catalogación original [NR] Co-BoUCM
Idioma de catalogación [NR] spa
Quien Cataloga Saul Niño
Quien Clasifica David Moreno (modificó)
041 0# - CODIGO DE IDIOMA [R]
Código de idioma para texto/pista de sonido o título separado [R] Inglés
060 ## - SIGNATURA TOPOGRAFICA DE LA BIBLIOTECA NACIONAL DE MEDICINA (NLM) [R]
Número clasificador [R] WA 400
100 1# - ASIENTO PRINCIPAL--NOMBRE PERSONAL [NR]
Nombre personal [NR] Rueda Ortiz, Maury Javier
ID Autoridad 95991
245 10 - MENCION DE TITULO [NR]
Título [NR] Manual de ergonomía y seguridad
Mención de responsabilidad, etc. [NR] Maury Javier Rueda Ortiz, y Mónica Zambrano Vélez
246 30 - FORMA VARIANTE DEL TITULO [R]
Título propiamente dicho/forma breve del título [NR] Ergonomía y seguridad
250 ## - MENCION DE EDICION [NR]
Mención de edición [NR] Segunda edición
260 ## - PUBLICACION, DISTRIBUCION, ETC. (PIE DE IMPRENTA) [R]
Lugar de publicación, distribución, etc. [R] Bogotá
Nombre del editor, distribuidor, etc. [R] Alfaomega Colombiana
-- Ergios
Fecha de publicación, distribución, etc. [R] 2018
300 ## - DESCRIPCION FISICA [R]
Extensión [R] 265 páginas
Otros detalles físicos [NR] ilustraciones
490 0# - MENCION DE SERIE [R]
Mención de serie [R] Ingeniería. Ingeniería industrial
650 #7 - ASIENTO SECUNDARIO DE MATERIA - TERMINO TEMATICO [R]
Término temático o nombre geográfico como elemento de entrada [NR] Ergonomía
Subdivisión de forma [R] Manuales
9 (RLIN) 14713
650 #7 - ASIENTO SECUNDARIO DE MATERIA - TERMINO TEMATICO [R]
Término temático o nombre geográfico como elemento de entrada [NR] Seguridad industrial
Subdivisión de forma [R] Manuales
9 (RLIN) 24101
650 #7 - ASIENTO SECUNDARIO DE MATERIA - TERMINO TEMATICO [R]
Término temático o nombre geográfico como elemento de entrada [NR] Accidentes de trabajo
Subdivisión general [R] Prevención y control
9 (RLIN) 8312
650 #7 - ASIENTO SECUNDARIO DE MATERIA - TERMINO TEMATICO [R]
Término temático o nombre geográfico como elemento de entrada [NR] Salud ocupacional
Subdivisión general [R] Higiene industrial
9 (RLIN) 182018
700 1# - ASIENTO SECUNDARIO - NOMBRE PERSONAL [R]
Nombre personal [NR] Zambrano Vélez, Mónica
9 (RLIN) 95992
942 ## - ELEMENTOS DE ENTRADA AGREGADOS (KOHA)
Sistema de clasificación NLM
Tema principal Ciencias aplicadas
Tipo de ítem principal el descrito en 300a Libro
Edición 2
Clasificación WA 400
Parte restante de la signatura top. R918m
Título oculto en OPAC No
Existencias
Fecha de último préstamo Total préstamos Signatura topográfica Código de barras Última vez visto Volúmen / Fascículo Ejemplar Costo de reposición Price effective from Tipo de ítem Perdido Sistema de clasificación Dañado No prestable Tipo de ítem específico Suprimido Ubicación habitual Ubicación actual Localización Fecha de creación Proveedor Forma de adquisición Costo Total Renewals
12/04/2019 1 WA 400 R918m 100159729 12/12/2025 1a.Ed. Ej.1 26000.00 12/04/2019 Libro   NLM     Libro   Quinta de Mutis Quinta de Mutis 1er piso 12/04/2019 12 Donación 0.00  
25/06/2025 3 WA 400 R918m 100161101 12/12/2025 2a.Ed. Ej.1 55200.00 04/06/2019 Libro   DEWEY     Libro   Quinta de Mutis Quinta de Mutis 1er piso 04/06/2019 111 Compra 55200.00 1